00479nam a22001217a 450000500170000000800410001704000130005808200210007110000570009224501610014926000360031030000110034620220826101356.0220826b ||||| |||| 00| 0 eng d cPK-LaUMT aAPC 297.4bZAH-K aZaheer Ahmad Siddiqui = ظہیر احمد صدیقی aKhanqah nasheeni wa khrqah poshi sofia = خانقاہ نشینی و خرقہ پوشی صوفیہ /cby Zaheer Ahmad Siddiqui = ظہیر احمد صدیقی aLahore :bG. C. University,cNA a156 p.